| 000 | 00377nam a2200157Ia 4500 | ||
|---|---|---|---|
| 008 | 180207s9999 xx 000 0 und d | ||
| 020 | _a9786008677929 | ||
| 050 | _bL645 2009 | ||
| 245 | _aLet it snow / | ||
| 260 | _aNashville, Tennessee : | ||
| 260 | _bThe Clever Factory, | ||
| 260 | _c2009 | ||
| 300 | _aunpaged : | ||
| 300 | _bcolor illustration ; | ||
| 300 | _c19cm. | ||
| 999 |
_c355762 _d355762 |
||